Final report on rationlisation and simplification of the tax stucture (Record no. 500436)

000 -LEADER
fixed length control field 00341cam a22001097a 4500
008 - FIXED-LENGTH DATA ELEMENTS--GENERAL INFORMATION
fixed length control field 180718b xxu||||| |||| 00| 0 eng d
082 ## - DEWEY DECIMAL CLASSIFICATION NUMBER
Classification number L203x54 In2g
100 ## - MAIN ENTRY--PERSONAL NAME
Personal name Bhoothalingam, S.
245 ## - TITLE STATEMENT
Title Final report on rationlisation and simplification of the tax stucture
Statement of responsibility, etc. by S. Bhoothalingam
260 ## - PUBLICATION, DISTRIBUTION, ETC.
Place of publication, distribution, etc. Delhi
Name of publisher, distributor, etc. Ministry of Finace
Date of publication, distribution, etc.
300 ## - PHYSICAL DESCRIPTION
Extent 91+p.
Holdings
Withdrawn status Lost status Damaged status Not for loan Permanent Location Current Location Date acquired Full call number Barcode Date last seen Price effective from Koha item type
        Indian Institute of Public Administration Indian Institute of Public Administration 2018-08-04 L203x54 In2g GG18546 2018-08-04 2018-08-04 GG

Powered by Koha